00675 2200253 4500001002100000005001500021035002000036001002100056005001500077035002000092245007500112100002100187250001100208300002500219260005300244082001400297084002000311020002200331650001000353700001800363700001800381990001100399990001100410INLIS00000000000193220251224110655 a0010-1225000008INLIS00000000000193020251224084214 a0010-12250000061 aHari Ini Aku Datang Kembali Ke Toko Buku Kobayashi /cTetsuya Kawakami0 aTetsuya Kawakami aCet. 2 aii, 187 hlm ;c20 cm aJakarta :bGramedia Widiasarana Indonesia,c2025 a899.221'3 a899.221'3 TET h a978-602*053-143-4 4aNovel0 aFaira Ammadea0 aTrian Lesmana a003991 a003990